| 000 | 00550nam a2200181Ia 4500 | ||
|---|---|---|---|
| 003 | GCL | ||
| 008 | 140319s9999 xx 000 0 ara d | ||
| 040 |
_aGCL / _cGCL |
||
| 082 | 0 | 4 |
_a910.7 _bا س |
| 100 | 1 | _aاحمد الجلاد | |
| 245 | 1 | 0 |
_aالسياحة بين النظرية والتطبيق / _cاحمد الجلاد |
| 300 | _a114 ص | ||
| 490 |
_aالهيئة العامة للاستعلامات _v0 |
||
| 650 | 0 | 4 | _aالسياحة فى مصر |
| 650 | 0 | 4 | _aالسياحة |
| 650 | 0 | 4 | _aالسياحة والدولة |
| 942 |
_2ddc _cBK |
||
| 999 |
_c47716 _d47716 |
||